<?xml version="1.0" encoding="UTF-8"?>
<record
    xmlns:xsi="http://www.w3.org/2001/XMLSchema-instance"
    xsi:schemaLocation="http://www.loc.gov/MARC21/slim http://www.loc.gov/standards/marcxml/schema/MARC21slim.xsd"
    xmlns="http://www.loc.gov/MARC21/slim">

  <leader>00492cam a2200157   4500</leader>
  <controlfield tag="005">20251014115601.0</controlfield>
  <controlfield tag="008">251014b     ag |||||||| |||| 00| 0 spa d</controlfield>
  <datafield tag="050" ind1=" " ind2="4">
    <subfield code="a">KHA409 </subfield>
    <subfield code="b">A24 1980</subfield>
  </datafield>
  <datafield tag="100" ind1="1" ind2=" ">
    <subfield code="a">Abelenda, C&#xE9;sar Augusto</subfield>
  </datafield>
  <datafield tag="245" ind1="1" ind2="0">
    <subfield code="a">Derecho civil</subfield>
    <subfield code="b">: parte general </subfield>
    <subfield code="c"> / C&#xE9;sar Augusto Abelanda</subfield>
  </datafield>
  <datafield tag="250" ind1=" " ind2=" ">
    <subfield code="a">1a ed.</subfield>
  </datafield>
  <datafield tag="260" ind1=" " ind2=" ">
    <subfield code="a">Buenos Aires :</subfield>
    <subfield code="b">Astrea de Alfredo y Ricardo Depalma,</subfield>
    <subfield code="c">1980</subfield>
  </datafield>
  <datafield tag="300" ind1=" " ind2=" ">
    <subfield code="a">2 v. ;</subfield>
    <subfield code="c">23 cm.</subfield>
  </datafield>
  <datafield tag="650" ind1=" " ind2="7">
    <subfield code="2">lemb</subfield>
    <subfield code="a">Derecho civil </subfield>
    <subfield code="x">Argentina</subfield>
  </datafield>
  <datafield tag="942" ind1=" " ind2=" ">
    <subfield code="2">lcc</subfield>
    <subfield code="c">LIB</subfield>
  </datafield>
  <datafield tag="999" ind1=" " ind2=" ">
    <subfield code="c">133845</subfield>
    <subfield code="d">133845</subfield>
  </datafield>
  <datafield tag="952" ind1=" " ind2=" ">
    <subfield code="1">0</subfield>
    <subfield code="2">lcc</subfield>
    <subfield code="4">0</subfield>
    <subfield code="7">0</subfield>
    <subfield code="a">LIC-002</subfield>
    <subfield code="b">LIC-002</subfield>
    <subfield code="c">GENERAL</subfield>
    <subfield code="d">2020-02-04</subfield>
    <subfield code="f">1a ed.</subfield>
    <subfield code="h">T:1</subfield>
    <subfield code="k">CSA</subfield>
    <subfield code="o">KHA409 A24 1980</subfield>
    <subfield code="p">BFD000012086</subfield>
    <subfield code="r">2020-02-04 00:00:00</subfield>
    <subfield code="t">1</subfield>
    <subfield code="v">1.00</subfield>
    <subfield code="y">LIB</subfield>
  </datafield>
  <datafield tag="952" ind1=" " ind2=" ">
    <subfield code="1">0</subfield>
    <subfield code="2">lcc</subfield>
    <subfield code="4">0</subfield>
    <subfield code="7">0</subfield>
    <subfield code="a">LIC-002</subfield>
    <subfield code="b">LIC-002</subfield>
    <subfield code="c">GENERAL</subfield>
    <subfield code="d">2020-02-04</subfield>
    <subfield code="f">1a ed.</subfield>
    <subfield code="h">T:2</subfield>
    <subfield code="k">CSA</subfield>
    <subfield code="o">KHA409 A24 1980</subfield>
    <subfield code="p">BFD000012087</subfield>
    <subfield code="r">2020-02-04 00:00:00</subfield>
    <subfield code="t">1</subfield>
    <subfield code="v">1.00</subfield>
    <subfield code="y">LIB</subfield>
  </datafield>
</record>
